Nommez tous les Kinder (images) - Statistiques

Statistiques générales
  • Ce quiz a été pris 1 620 fois
  • Le résultat moyen est 7 sur 14
Statistiques - réponses
Par images Réponse % Correct
Bueno
99%
Surprise
98%
Country
87%
Pingui
83%
Maxi
78%
Délice
66%
Chocobons
63%
Cards
54%
Joy
42%
Duo
19%
Tronky
14%
Choco Fresh
10%
Maxi King
8%
Paradiso
1%
Aucun quiz correspondant
Distribution des résultats
% des personnes avec chaque résultat
Percentile par nombre de réponses
Votre historique - résultats
Vous n’avez pas pris ce quiz